01146cam a22002895a 4500001001000000003000400010005001700014008004100031020002500072020002200097040004200119082002000161100003100181245010900212260014200321300002500463490001500488504003200503650004400535650004200579651001000621653003300631700002000664942001500684999001700699952014000716016913669OSt20150928145826.0141015s2015 enk frb 000 0 eng d a9781784530624 (pbk.) z9780857737410 (e) aStDuBDSbengcStDuBDSdUkCUdEG-ScBUE04a302.23bLLO2221 aLloyd, John,d1946-93837710aJournalism and PR :bnews media and public relations in the digital age /cJohn Lloyd and Laura Toogood. aLondon ;aNew York :bI.B.Tauris & Co. Ltd in association :bUniversity of Oxford, Reuters instittute for the study of journalism,c2015. axi, 138 p. ;c22 cm.0 aChallenges aBbibliography : p. 137-138. 0aJournalism and public relations.2BUEsh 0aMass media and public opinion.2BUEsh 2BUEsh bCOMAMEcJune2015cAugust20151 aToogood, Laura. k302.23 LLO c19724d19696 00102ddc40708AlahramaMAINbMAINc1STd2015-06-17ePurchaseg137.00h315l0o302.23 LLOp000038619r2025-07-15 00:00:00v171.25yBB